000 00884nam a2200301Ia 4500
003 OSt
005 20221006160520.0
006 a|||||r|||| 00| 0
007 ta
008 221006b |||||||| |||| 00| 0 eng d
020 _a0691117292
020 _a9780691117294
024 _a45,362
037 _cTextual
040 _aEASL
_cEASL
_beng
041 _2eng
_aeng
082 _aX8(A):275.4, N0
100 _aWade Robert
245 0 _aGoverning the market
_b Economic theory and the role of government in East Asian industrilazaion
260 _aNew Jersey
_bPrinceton University Press U.K.
_c1990
300 _a428p.
_ccm.
490 _v Oth
650 _a East Asia - Economic Policy
_9660193
650 _a Gen
650 _aEast Asia - Industry and state
_9673954
942 _hX8(A):275.4, N0
_cTEXL
_2CC
999 _c1113454
_d1113454